00983nam a2200229 i 450000100060000000300090000600500170001500700030003200800410003510000320007624501920010826000620030030000270036249000470038950000370043670000390047370000260051283000550053885200220059399900170061595201210063291254ES-MaACL20250807123015.0t|050128s1903 fr ||||1| fre d1 aLetourneau, Charles.97188813aLa condition de la femme dans les diverses races et civilizations /cpar Charles Letourneau ; publiée sous la direction de René Worms ; avec une notice biographique par G. Papillault. aParís : b[s.n., c1903] (eSaint Amand : fBussière) aXVI, 508 p. ; c22 cm.1 aBibliothèque sociologique internationale aPrecede al tít.: Bibliotheque.1 aWorms, René, d1869-192691173751 aPapillault, G.9888710 aBibliothèque sociologique internationale9184184 aES-MaACLjF-11837 c91254d91254 00104070aATENEOMbATENEOMcSPP2d2008-01-17eSCl0oF-11837p1095275r2023-02-23 00:00:00w2023-02-23yMONOGRAFIA